000 00944cab a22002055a 4500
001 L146564
008 090203e20090115xxkdo f 000 0 eng d
035 _a(Sirsi) u146564
041 0 _aeng
100 2 _aHandley, Lucy
245 0 0 _aBrazil's growing economy offers hope to UK firms
260 _c2009
490 _aConstruction News
_v(7100) 15 January 2009, 20-21 (2)
490 _aConstruction News Winning Work
_v(7100) 15 January 2009, 20-21 (2)
520 _aPresents construction market opportunities in Brazil for UK firms. Reviews Brazil's economy and suggests that it is one of the countries expected to dominate the global economy in 2050. Explains that the growing population and investment in infrastructure make it attractive to UK construction companies. Provides advice for doing business in this country.
590 _aKA
651 4 _aUnited Kingdom
_y
690 _aBUILT ENVIRONMENT-CONSTRUCTION MARKET
942 _n0
999 _c81186
_d81186